Handbook of indoor air quality management

This handbook brings you solutions to virtually any problem in the field. Leading U.S. and international experts help you to create and maintain safe and healthy environments in structures from hospitals to residences, and handle a range of questions from health and comfort effects and physiologic t...

ver descrição completa

Na minha lista:
Detalhes bibliográficos
Autor principal: Moffat, Donald W.
Formato: Livro
Idioma:Undetermined
Publicado em: Englewood Cliffs, NJ : |b , |c c1997 Prentice Hall 1997
Assuntos:
Tags: Adicionar Tag
Sem tags, seja o primeiro a adicionar uma tag!
Thư viện lưu trữ: Trung tâm Học liệu Trường Đại học Cần Thơ
LEADER 01362nam a2200205Ia 4500
001 CTU_141625
008 210402s9999 xx 000 0 und d
082 |a 628.53 
082 |b M695 
100 |a Moffat, Donald W. 
245 0 |a Handbook of indoor air quality management 
245 0 |c Donald W. Moffat 
260 |a Englewood Cliffs, NJ : |b , |c c1997 
260 |b Prentice Hall 
260 |c 1997 
520 |a This handbook brings you solutions to virtually any problem in the field. Leading U.S. and international experts help you to create and maintain safe and healthy environments in structures from hospitals to residences, and handle a range of questions from health and comfort effects and physiologic thresholds to ventilation measurement and employee programs. For answers on instrumentation, contaminants, codes, and guidelines--for the solutions you need to assess, design, and maintain healthy and productive indoor environments, Indoor Air Quality Handbook is the one source to have. 
650 |a Ô nhiễm không khí trong nhà,Quản lý chất lượng không khí,Quản lý công nghiệp,Industrial management,Indoor air pollution,Air quality management 
650 |x Diện mạo môi trường,Environmental aspects 
904 |i Trọng Hải 
980 |a Trung tâm Học liệu Trường Đại học Cần Thơ